[Event "Avoine op 28th"]
[Site "Avoine"]
[Date "2013.07.27"]
[Round "8"]
[White "Gendre, Pascal"]
[Black "Hortas, Igor"]
[Result "0-1"]
[WhiteElo "1933"]
[BlackElo "2124"]
[PlyCount "36"]
[EventDate "2013.07.20"]
[EventType "swiss"]
[EventRounds "9"]
[EventCountry "FRA"]
[SourceTitle "CBM 155 Extra"]
[Source "ChessBase"]
[SourceDate "2013.08.26"]
[SourceVersion "1"]
[SourceVersionDate "2013.08.26"]
[SourceQuality "1"]

1. d4 d5 2. c4 e5 3. dxe5 d4 4. Nf3 Nc6 5. e4 Bg4 6. Bf4 Nge7 7. h3 Bxf3 8. Qxf3 Ng6 9. Bh2 Bb4+ 10. Nd2 0-0 11. 0-0-0 a5 12. Qh5 a4 13. f4 a3 14. b3 d3 15. Nf3 d2+ 16. Kb1 Nd4 17. Nxd2 Ne6 18. Kc2 Qd4 0-1

[Event "Avoine op 20th"]
[Site "Avoine"]
[Date "2005.07.29"]
[Round "7"]
[White "Bodicker, Rob"]
[Black "Gendre, Pascal"]
[Result "1-0"]
[WhiteElo "2114"]
[BlackElo "2020"]
[PlyCount "41"]
[EventDate "2005.07.23"]
[EventType "swiss"]
[EventRounds "9"]
[EventCountry "FRA"]
[SourceTitle "EXT 2007"]
[Source "ChessBase"]
[SourceDate "2006.11.23"]
[SourceVersion "1"]
[SourceVersionDate "2006.11.23"]
[SourceQuality "1"]

1. d4 d5 2. c4 e6 3. Nf3 Nf6 4. g3 Be7 5. Bg2 0-0 6. 0-0 Nbd7 7. Qc2 b6 8. cxd5 Nxd5 9. a3 Ba6 10. Rd1 Rc8 11. e4 N5f6 12. Nc3 Bb7 13. Bf4 c5 14. d5 exd5 15. exd5 Re8 16. d6 Bf8 17. Nb5 Nd5 18. Ng5 N7f6 19. Bxd5 Bxd5 20. Rxd5 h6 21. d7 1-0